Fish's Clinical psychopathology : (Record no. 331892)
[ view plain ]
| 000 -LEADER | |
|---|---|
| fixed length control field | 01772cam a2200373 a 4500 |
| 001 - CONTROL NUMBER | |
| control field | 1766131 |
| 003 - CONTROL NUMBER IDENTIFIER | |
| control field | NUST |
| 005 - DATE AND TIME OF LATEST TRANSACTION | |
| control field | 20180117090032.0 |
| 008 - FIXED-LENGTH DATA ELEMENTS--GENERAL INFORMATION | |
| fixed length control field | 760506s1974 enk b 001 0 eng |
| 010 ## - LIBRARY OF CONGRESS CONTROL NUMBER | |
| LC control number | 76361029 |
| 015 ## - NATIONAL BIBLIOGRAPHY NUMBER | |
| National bibliography number | GB75-23454 |
| 020 ## - INTERNATIONAL STANDARD BOOK NUMBER | |
| International Standard Book Number | 0723603715 : |
| Terms of availability | £2.75 |
| 040 ## - CATALOGING SOURCE | |
| Original cataloging agency | DLC |
| Transcribing agency | DLC |
| Modifying agency | DLC |
| 050 00 - LIBRARY OF CONGRESS CALL NUMBER | |
| Classification number | RC454 |
| Item number | .F57 1974 |
| 082 00 - DEWEY DECIMAL CLASSIFICATION NUMBER | |
| Classification number | 616.8/907 |
| 100 1# - MAIN ENTRY--PERSONAL NAME | |
| Personal name | Edited by Max Hamilton |
| Fuller form of name | (Frank James) |
| 9 (RLIN) | 5797 |
| 240 10 - UNIFORM TITLE | |
| Uniform title | Clinical psychopathology |
| 245 10 - TITLE STATEMENT | |
| Title | Fish's Clinical psychopathology : |
| Remainder of title | signs and symptoms in psychiatry. |
| 250 ## - EDITION STATEMENT | |
| Edition statement | 2nd ed. |
| Remainder of edition statement | edited by Max Hamilton. |
| 260 ## - PUBLICATION, DISTRIBUTION, ETC. | |
| Place of publication, distribution, etc. | Bristol : |
| Name of publisher, distributor, etc. | J. Wright, |
| Date of publication, distribution, etc. | 1985. |
| 300 ## - PHYSICAL DESCRIPTION | |
| Extent | [xi], 141 p. ; |
| Dimensions | 23 cm. |
| 500 ## - GENERAL NOTE | |
| General note | Includes index. |
| 504 ## - BIBLIOGRAPHY, ETC. NOTE | |
| Bibliography, etc. note | Bibliography: p. 109-114. |
| 650 #0 - SUBJECT ADDED ENTRY--TOPICAL TERM | |
| Topical term or geographic name entry element | Psychology, Pathological. |
| 9 (RLIN) | 3179 |
| 700 1# - ADDED ENTRY--PERSONAL NAME | |
| Personal name | Hamilton, Max, |
| Titles and other words associated with a name | M.D. |
| 9 (RLIN) | 5798 |
| 740 0# - ADDED ENTRY--UNCONTROLLED RELATED/ANALYTICAL TITLE | |
| Uncontrolled related/analytical title | Clinical psychopathology. |
| 906 ## - LOCAL DATA ELEMENT F, LDF (RLIN) | |
| a | 7 |
| b | cbc |
| c | orignew |
| d | 3 |
| e | ncip |
| f | 19 |
| g | y-gencatlg |
| 942 ## - ADDED ENTRY ELEMENTS (KOHA) | |
| Source of classification or shelving scheme | |
| Koha item type | Book |
| Withdrawn status | Lost status | Source of classification or shelving scheme | Damaged status | Not for loan | Collection code | Permanent Location | Current Location | Shelving location | Date acquired | Total Checkouts | Full call number | Barcode | Date last seen | Date last checked out | Price effective from | Koha item type |
|---|---|---|---|---|---|---|---|---|---|---|---|---|---|---|---|---|
| Central Library (CL) | Central Library (CL) | General Stacks | 11/01/2017 | 3 | 616.8/907 FIS | S3H-P-213 | 09/21/2023 | 01/22/2023 | 11/01/2017 | Book | ||||||
| Central Library (CL) | Central Library (CL) | General Stacks | 11/01/2017 | 1 | 616.8/907 FIS | S3H-P-214 | 01/18/2018 | 12/19/2017 | 11/01/2017 | Book | ||||||
| Central Library (CL) | Central Library (CL) | General Stacks | 11/01/2017 | 616.8/907 FIS | S3H-P-215 | 11/01/2017 | 11/01/2017 | Book | ||||||||
| Central Library (CL) | Central Library (CL) | General Stacks | 11/01/2017 | 2 | 616.8/907 FIS | S3H-P-216 | 10/28/2022 | 09/27/2022 | 11/01/2017 | Book | ||||||
| Central Library (CL) | Central Library (CL) | General Stacks | 11/01/2017 | 616.8/907 FIS | S3H-P-217 | 05/18/2018 | 11/01/2017 | Book |
